000 01001nam a2200277Ia 4500
003 OSt
005 20221005105634.0
006 a|||||r|||| 00| 0
007 ta
008 221004b |||||||| |||| 00| 0 hin d
020 _a8170557399 (hbk)
_c225
024 _a96649
037 _b561, 23/03/2009, Vani Prakashan
_cTextual
040 _aCRL
_cCRL
_bhin
041 _2hin
_ahin
082 _aO152,3:g, K8;P7
100 _aयादव, राजेन्द्र
245 0 _aकहानी
_b स्वरूप और संवेदना
246 _aKahānī: svarūp aur sanvedanā
250 _aछठा संस्करण
260 _aनई दिल्ली
_bवाणी प्रकाशन भारत
_c2007
300 _a239पृ0
_ccm.
650 _aहिन्दी साहित्य
942 _hO152,3:g, K8;P7
_cTEXL
_2cc
999 _c1016431
_d1016431